The abstinence teacher / (Record no. 83)

MARC details
000 -LEADER
fixed length control field 01690cam a22003978a 4500
005 - DATE AND TIME OF LATEST TRANSACTION
control field 20260322212005.0
008 - FIXED-LENGTH DATA ELEMENTS--GENERAL INFORMATION
fixed length control field data
010 ## - LIBRARY OF CONGRESS CONTROL NUMBER
LC control number 2007021961
020 ## - INTERNATIONAL STANDARD BOOK NUMBER
International Standard Book Number 9780312358334
020 ## - INTERNATIONAL STANDARD BOOK NUMBER
International Standard Book Number 0312358334
040 ## - CATALOGING SOURCE
Original cataloging agency DLC
Transcribing agency DLC
Modifying agency DLC
050 00 - LIBRARY OF CONGRESS CALL NUMBER
Classification number PS3566.E6948
Item number A66 2007b
082 00 - DEWEY DECIMAL CLASSIFICATION NUMBER
Classification number 813/.54
Edition information 22
001 - CONTROL NUMBER
control field data
100 1# - MAIN ENTRY--PERSONAL NAME
Personal name Perrotta, Tom,
Dates associated with a name 1961-
245 14 - TITLE STATEMENT
Title The abstinence teacher /
Statement of responsibility, etc. Tom Perrotta.
250 ## - EDITION STATEMENT
Edition statement 1st ed.
260 ## - PUBLICATION, DISTRIBUTION, ETC.
Place of publication, distribution, etc. New York :
Name of publisher, distributor, etc. St. Martin's Press,
Date of publication, distribution, etc. 2007.
263 ## - PROJECTED PUBLICATION DATE
Projected publication date 0710
300 ## - PHYSICAL DESCRIPTION
Extent p. cm.
650 #0 - SUBJECT ADDED ENTRY--TOPICAL TERM
Topical term or geographic name entry element Sex educators
Form subdivision Fiction.
650 #0 - SUBJECT ADDED ENTRY--TOPICAL TERM
Topical term or geographic name entry element Soccer coaches
Form subdivision Fiction.
650 #0 - SUBJECT ADDED ENTRY--TOPICAL TERM
Topical term or geographic name entry element Evangelists
Form subdivision Fiction.
650 #0 - SUBJECT ADDED ENTRY--TOPICAL TERM
Topical term or geographic name entry element Divorced parents
Form subdivision Fiction.
650 #0 - SUBJECT ADDED ENTRY--TOPICAL TERM
Topical term or geographic name entry element Culture conflict
Form subdivision Fiction.
650 #0 - SUBJECT ADDED ENTRY--TOPICAL TERM
Topical term or geographic name entry element Interpersonal relations
Form subdivision Fiction.
650 #0 - SUBJECT ADDED ENTRY--TOPICAL TERM
Topical term or geographic name entry element Suburban life
Form subdivision Fiction.
655 #0 - INDEX TERM--GENRE/FORM
Genre/form data or focus term Domestic fiction.
856 42 - ELECTRONIC LOCATION AND ACCESS
Materials specified Contributor biographical information
Uniform Resource Identifier <a href="http://www.loc.gov/catdir/enhancements/fy0740/2007021961-b.html">http://www.loc.gov/catdir/enhancements/fy0740/2007021961-b.html</a>
856 42 - ELECTRONIC LOCATION AND ACCESS
Materials specified Publisher description
Uniform Resource Identifier <a href="http://www.loc.gov/catdir/enhancements/fy0743/2007021961-d.html">http://www.loc.gov/catdir/enhancements/fy0743/2007021961-d.html</a>
856 41 - ELECTRONIC LOCATION AND ACCESS
Materials specified Sample text
Uniform Resource Identifier <a href="http://www.loc.gov/catdir/enhancements/fy0804/2007021961-s.html">http://www.loc.gov/catdir/enhancements/fy0804/2007021961-s.html</a>
906 ## - LOCAL DATA ELEMENT F, LDF (RLIN)
a 7
b rix
c orignew
d 1
e ecip
f 20
g y-gencatlg
925 0# -
-- acquire
-- 2 shelf copies
-- policy default
-- to CAD 2010-10-19
-- claim2 2010-06-16
-- to CAD 2010-10-19
955 ## - COPY-LEVEL INFORMATION (RLIN)
-- lh39 2007-06-04 to CIP (Auto-Dewey);
963 ## -
-- Lauren Hougen; phone: 646-307-5684; email: [email protected]; bc: [email protected]
Holdings
Withdrawn status Lost status Damaged status Not for loan Home library Current library Shelving location Date acquired Total checkouts Full call number Barcode Date last seen Price effective from Koha item type
        Centerville Centerville General stacks 22/03/2026   813/.54 22 BC0010086 22/03/2026 22/03/2026 Books